00642 2200229 4500001002100000005001700021008004100038020001800079035002500097040001200122082001000134084001800144100002000162245007600182260003100258300003700289650001500326700002300341850001200364990001800376990001800394INLIS00000000001882020160328092840.0  a979-21-1337-1 a0010-031600000000830 aYOPDYOG a523.2 aK 523.2 Bam M aBAMBANG RUWANTO aMatahari bumi & bulanc/ Bambang Ruwanto ; ilustrasi Bambang Shakuntala aYogyakartabKanisiusc2006 a[22] hlm.b: ilus.c; 20 x 22 cm aTata surya aBambang Shakuntala aYOPDYOG a50992-PD/A.16 a50992-PD/A.16